Polscy Piłkarze po Historii Transferów #2 - Statystyki

Ogólne statystyki
  • Ten quiz został rozwiązany 1 678 razy
  • Średni wynik to 4 z 7
Statystyki odpowiedzi
Zawodnik % Poprawnych
Arkadiusz Milik
95%
Jakub Błaszczykowski
94%
Wojciech Szczęsny
91%
Thiago Cionek
52%
Kazimierz Deyna
51%
Grzegorz Lato
22%
Jacek Bąk
18%
Nie znaleziono quizów pasujących do podanych kryteriów
Rozkład punktacji
Procent ludzi z każdym wynikiem
Percentyl według liczby udzielonych odpowiedzi
Twoja historia wyników
Nie rozwiązałeś tego quizu